000 01992nam a22001577a 4500
041 _aukr
080 _a09
090 _bКАБ
100 _aКаба М. В.
245 _aПарадигми нейролінгвістичного програмування в політичній рекламі
260 _aОстрог
_bКАФ
_c2007
300 _a102
520 _aВступ. Розділ 1. Теоретичні аспекти технології правильного спілкування та нейролінгвісимчного програмування. 1.1. Когнітивні особливості природи інтелекту. 1.2. Мовні форми відображення мислення і психології стану людини. 1.3. Маніпуляційний вплив мовних універсалій. 1.4. Мовне моделювання. Розділ 2. НЛП методики як засіб ефективного спілкування. 2.1. Раппорт як основа технології мовного впливу. 2.2. Символи-якорі як метод технології політичної реклами. 2.3. Оруеллізм як засіб агресивної маніпуляції. 2.4. Емрінт метод як дослідження основи поведінки. 2.5. Метастратегія Розеншток-Хюсси. Розділ 3. Варіативні особливості НЛП в національній динаміці. 3.1. Блок політичних партій НСНУ. 3.2. Блок Юлії Тимошенко. 3.3. Промова Джона Е. Хербста присвячена Євроінтеграції України. 3.4. Промова посла США в Україні Б. Тейлора. Висновки.
_0лінгвістика, нейролігвістичне програмування
650 _aResearch Papers
999 _c284088
_d284088
942 _cBK